Quantitative Aptitude (Record no. 138257)

MARC details
000 -LEADER
fixed length control field 00546nam a22002057a 4500
003 - CONTROL NUMBER IDENTIFIER
control field OSt
005 - DATE AND TIME OF LATEST TRANSACTION
control field 20260526152506.0
008 - FIXED-LENGTH DATA ELEMENTS--GENERAL INFORMATION
fixed length control field 260526b |||||||| |||| 00| 0 eng d
020 ## - INTERNATIONAL STANDARD BOOK NUMBER
International Standard Book Number 978-93-89811-54-4
040 ## - CATALOGING SOURCE
Transcribing agency SBCL
082 ## - DEWEY DECIMAL CLASSIFICATION NUMBER
Classification number 371.26
Item number GUH-Q
100 ## - MAIN ENTRY--PERSONAL NAME
Personal name Guha,Abhijith
245 ## - TITLE STATEMENT
Title Quantitative Aptitude
250 ## - EDITION STATEMENT
Edition statement 7th ed.
260 ## - PUBLICATION, DISTRIBUTION, ETC.
Place of publication, distribution, etc. Chennai
Name of publisher, distributor, etc. McGraw Hill Education Private Limited
Date of publication, distribution, etc. 2023
630 ## - SUBJECT ADDED ENTRY--UNIFORM TITLE
General subdivision Social sciences
650 ## - SUBJECT ADDED ENTRY--TOPICAL TERM
Topical term or geographic name entry element Education
650 ## - SUBJECT ADDED ENTRY--TOPICAL TERM
Topical term or geographic name entry element Schools & their activities; special education
942 ## - ADDED ENTRY ELEMENTS (KOHA)
Koha item type BOOK
Holdings
Withdrawn status Lost status Source of classification or shelving scheme Damaged status Use restrictions Not for loan Home library Current library Date acquired Total Checkouts Full call number Barcode Shelving location Date last seen Cost, replacement price Price effective from Koha item type
    Dewey Decimal Classification   RESTRICTED   SB LIBRARY SB LIBRARY 26/05/2026   371.26 GUH-Q 143636 REFERENCE READING ROOM 26/05/2026 915.00 26/05/2026 BOOK

Powered by Koha